Aadhunik Vivshwa ki premukh shashan - prenalia (Record no. 1330033)
[ view plain ]
| 000 -LEADER | |
|---|---|
| fixed length control field | 00572nam a2200205Ia 4500 |
| 005 - DATE AND TIME OF LATEST TRANSACTION | |
| control field | 20250508151454.0 |
| 008 - FIXED-LENGTH DATA ELEMENTS--GENERAL INFORMATION | |
| fixed length control field | 008 250505s9999 xx 000 0 hin d |
| 037 ## - SOURCE OF ACQUISITION | |
| Stock number | Textual |
| 040 ## - CATALOGING SOURCE | |
| Original cataloging agency | FEDL |
| Language of cataloging | eng |
| Transcribing agency | FEDL |
| 041 ## - LANGUAGE CODE | |
| Language code of text/sound track or separate title | hin |
| Source of code | hin |
| 084 ## - COLON CLASSIFICATION NUMBER | |
| Classification number | 342.9, GAI |
| Assigning agency | FEDL |
| 100 ## - MAIN ENTRY--PERSONAL NAME | |
| Personal name | Gaind D. N. |
| 9 (RLIN) | 759226 |
| 245 #0 - TITLE STATEMENT | |
| Title | Aadhunik Vivshwa ki premukh shashan - prenalia |
| 260 ## - PUBLICATION, DISTRIBUTION, ETC. | |
| Place of publication, distribution, etc. | Agra, India |
| Name of publisher, distributor, etc. | Ratan Prakashan Mandir |
| Date of publication, distribution, etc. | 1954 |
| 300 ## - PHYSICAL DESCRIPTION | |
| Extent | 484p |
| 650 ## - SUBJECT ADDED ENTRY--TOPICAL TERM | |
| Topical term or geographic name entry element | Law |
| 700 ## - ADDED ENTRY--PERSONAL NAME | |
| Personal name | Sharma R. P. |
| 9 (RLIN) | 759227 |
| 942 ## - ADDED ENTRY ELEMENTS (KOHA) | |
| Koha item type | Textual |
| Classification part | 342.9, GAI |
| Withdrawn status | Lost status | Damaged status | Not for loan | Home library | Current library | Date acquired | Total Checkouts | Full call number | Barcode | Date last seen | Price effective from | Koha item type |
|---|---|---|---|---|---|---|---|---|---|---|---|---|
| Department of Education Library | Department of Education Library | 2025-05-08 | 342.9, GAI | EL0010734 | 2025-05-08 | 2025-05-08 | Textual |
